000 00551nam a2200217Ia 4500
001 7038
003 GE_BSU
008 181216s||||||||xx |||||||||||||| ||und||
040 _cGE_BSU
080 _a514.743
100 _aАкивис,М.А.
245 _aТензорное исчисление
245 _cред.В.А.Гаухман
260 _aМосква
260 _bНаука
260 _c1969
300 _a351стр. 20см.
653 _aМатематика
653 _aТензорное исчисление
942 _cBK
999 _c40429
_d40429